00640cam a22002057a 4500003000500000005001700005008004100022010000900063011000900072035000900081040000900090100002400099245010700123260004000230300001000270500001000280502007700290650003500367650003200402CHAP20220329133423.0971013s1988 r 00010 d a6173 a7145 a6368 cCHAP00aCupul Noh, Eduardo.13aLa producción de chile jalapeño (Capsicum annuum L.) en el municipio Othon P. Blanco, Quintana Roo aChapingo, Méx. :bEl autor,c1988 a96 h. a61-64 aTesis (Ing. Agr. Esp. en Fitotecnia) -- UACH. Departamento de Fitotecnia14aChile jalapeñoxRendimiento.14aHorticulturaxQuintana Roo.